Intelligent building systems
Đã lưu trong:
| 主要作者: | |
|---|---|
| 格式: | Sách |
| 語言: | Undetermined |
| 出版: |
Kluwer Academic
1999
|
| 主題: | |
| 標簽: |
添加標簽
沒有標簽, 成為第一個標記此記錄!
|
| Thư viện lưu trữ: | Trung tâm Thư viện - Trường Đại học Công nghiệp TP. Hồ Chí Minh |
|---|
| LEADER | 00497nam a2200157Ia 4500 | ||
|---|---|---|---|
| 001 | UIH_04648 | ||
| 008 | 231011s9999 xx 000 0 und d | ||
| 082 | |a 696 | ||
| 100 | |a So, Albert Ting-pat | ||
| 245 | 0 | |a Intelligent building systems | |
| 245 | 0 | |c So, Albert Ting-pat | |
| 260 | |b Kluwer Academic | ||
| 260 | |c 1999 | ||
| 650 | |a Tòa nhà; Tòa nhà thông minh; | ||
| 927 | |a Sách | ||
| 980 | |a Trung tâm Thư viện - Trường Đại học Công nghiệp TP. Hồ Chí Minh | ||